000 00353pab a2200157 454500
008 180718b2004 xxu||||| |||| 00| 0 eng d
100 _aAnand, Vinod K.
245 _aAssessment and reflections
260 _c2004
300 _ap.25-27.
362 _a7 Aug
650 _aBudget - India
650 _aBudget
773 _aMainstream
909 _a61884
999 _c61884
_d61884